[Event "Hampstead op U2200 11-A"]
[Site "Hampstead"]
[Date "2013.11.23"]
[Round "3"]
[White "Kalavannan, Koby"]
[Black "Rubhandas, Samprabhu"]
[Result "1-0"]
[WhiteElo "1812"]
[BlackElo "1230"]
[PlyCount "73"]
[EventDate "2013.11.23"]
[EventType "swiss"]
[EventRounds "5"]
[EventCountry "ENG"]
[SourceTitle "EXT 2015"]
[Source "ChessBase"]
[SourceDate "2014.11.20"]
[SourceVersion "1"]
[SourceVersionDate "2014.11.20"]
[SourceQuality "1"]

1. d4 d5 2. c4 e6 3. Nf3 Nf6 4. g3 c6 5. Bg2 dxc4 6. Nc3 Bb4 7. 0-0 0-0 8. Ne5 b5 9. Nxb5 Qb6 10. Nc3 Bxc3 11. bxc3 Nd5 12. Qc2 Ba6 13. e4 Ne7 14. Ba3 Re8 15. Rab1 Qc7 16. Qe2 f6 17. Ng4 Nd7 18. Ne3 e5 19. d5 cxd5 20. Bxe7 Rxe7 21. Nxd5 Qc5 22. Nxe7+ Qxe7 23. Rfd1 Nc5 24. Rd5 Nd3 25. Qg4 Bc8 26. Qh5 Be6 27. Rdb5 Qd8 28. Bh3 Bf7 29. Qe2 Be8 30. Be6+ Kf8 31. Bxc4 Bxb5 32. Rxb5 Nc1 33. Qc2 Rc8 34. Bf1 Nxa2 35. Qxa2 Rxc3 36. Qxa7 Rc8 37. Rb7 1-0